000 00546nam a22001937a 4500
003 UA-OsUOA
001 9337
007 ta
008 20041103b un ||||| |||| 00| 0 ukr d
942 _cSA
040 _aUA-OsUOA
_bukr
_cUA-OsUOA
_dUA-OsUOA
245 _aЗ японської поезії ХVІІІ - ХІХст.: Йоса Бусон. - Кобаясі Ісса. - Масаока Сікі
300 _aС.3-12
955 _a0
041 _aukr
044 _aUA
773 0 _w0
_tВсесвіт
_dК.
_d2004
_gN9-10
650 7 _aПоезія
_2UDC
999 _c295498
_d295498